[Event "Regionalliga NW 1011"]
[Site "Bayern"]
[Date "2011.01.16"]
[Round "5.5"]
[White "Soeder, Thomas"]
[Black "Heckel, Christopher"]
[Result "1-0"]
[WhiteElo "2008"]
[BlackElo "1821"]
[PlyCount "83"]
[EventDate "2010.10.10"]
[EventType "team-tourn"]
[EventRounds "9"]
[EventCountry "GER"]
[SourceTitle "EXT 2012"]
[Source "ChessBase"]
[SourceDate "2011.11.24"]
[SourceVersion "1"]
[SourceVersionDate "2011.11.24"]
[SourceQuality "1"]
[WhiteTeam "Bad Neustadt"]
[BlackTeam "Hoechstadt/Aisch"]
[WhiteTeamCountry "GER"]
[BlackTeamCountry "GER"]

1. d4 Nf6 2. c4 g6 3. Nc3 Bg7 4. e4 d6 5. Nf3 0-0 6. Be2 Nbd7 7. 0-0 e5 8. d5 Ne8 9. Ne1 f5 10. f3 Ndf6 11. Nd3 f4 12. b4 g5 13. Nf2 Rf7 14. a4 Bf8 15. a5 Rg7 16. Bd2 h5 17. h3 Bd7 18. b5 Qc8 19. Rb1 g4 20. fxg4 hxg4 21. hxg4 Nxg4 22. Nxg4 Bxg4 23. Bxg4 Rxg4 24. Be1 Qd7 25. b6 cxb6 26. axb6 a6 27. Bf2 Qg7 28. Qf3 Rc8 29. Rb4 Nf6 30. Na4 a5 31. Rb3 Rxc4 32. Nc3 Qg6 33. Re1 Rg5 34. Bh4 Nh7 35. Bxg5 Nxg5 36. Qg4 f3 37. Nd1 Rb4 38. Rxb4 axb4 39. Nf2 fxg2 40. Re3 Kg7 41. Rg3 Be7 42. Kxg2 1-0

[Event "Unterfranken-ch M1 53th"]
[Site "Wuerzburg"]
[Date "2002.??.??"]
[Round "4"]
[White "Braeutigam, Thomas"]
[Black "Soeder, Thomas"]
[Result "1/2-1/2"]
[WhiteElo "2109"]
[BlackElo "2057"]
[PlyCount "154"]
[EventDate "2002.04.01"]
[EventType "swiss"]
[EventRounds "9"]
[EventCountry "GER"]
[SourceTitle "EXT 2015"]
[Source "ChessBase"]
[SourceDate "2014.11.20"]
[SourceVersion "1"]
[SourceVersionDate "2014.11.20"]
[SourceQuality "1"]

1. d4 Nf6 2. Nf3 g6 3. c4 Bg7 4. Nc3 0-0 5. e4 d6 6. Be2 e5 7. 0-0 Nc6 8. d5 Ne7 9. b4 Nh5 10. c5 f5 11. Ng5 Nf4 12. Bc4 h6 13. Ne6 Nxe6 14. dxe6 fxe4 15. Qb3 Kh7 16. Be3 b5 17. cxd6 bxc4 18. dxe7 Qxe7 19. Qxc4 Bxe6 20. Qc5 Qxc5 21. Bxc5 Rfd8 22. Rfd1 Rd3 23. Nxe4 Rad8 24. Rxd3 Rxd3 25. Bxa7 Bxa2 26. f3 Bd5 27. Bc5 Bxe4 28. fxe4 Rd8 29. Ra7 Rc8 30. Kf1 Kg8 31. Ke2 Bf8 32. Kd3 Bxc5 33. bxc5 Kf7 34. Kc4 Ke6 35. Rb7 c6 36. Rg7 Kf6 37. Rd7 h5 38. Rd6+ Kf7 39. Kb4 Rb8+ 40. Ka4 Ra8+ 41. Kb4 Ra2 42. Rxc6 Rxg2 43. Kc4 Rxh2 44. Kd5 Rc2 45. Kxe5 h4 46. Rc7+ Kg8 47. Kf6 h3 48. Rg7+ Kf8 49. Rh7 Ke8 50. Ke6 Kf8 51. Rxh3 Rxc5 52. e5 Rc1 53. Rf3+ Ke8 54. Kf6 Ra1 55. Kxg6 Ke7 56. Kf5 Ra6 57. Rh3 Rb6 58. Rh7+ Ke8 59. Rg7 Ra6 60. Rb7 Rc6 61. Ke4 Ra6 62. Rb5 Ke7 63. Kd5 Rh6 64. Rb7+ Ke8 65. Rc7 Ra6 66. Rc5 Ke7 67. Rc7+ Ke8 68. Rc6 Rxc6 69. Kxc6 Ke7 70. Kc5 Ke6 71. Kd4 Ke7 72. Kd5 Kd7 73. e6+ Ke7 74. Ke5 Ke8 75. Ke4 Ke7 76. Kd5 Ke8 77. Kd6 Kd8 1/2-1/2

[Event "Unterfranken-ch M1 53th"]
[Site "Wuerzburg"]
[Date "2002.??.??"]
[Round "5"]
[White "Soeder, Thomas"]
[Black "Krausert, Helmut"]
[Result "1-0"]
[WhiteElo "2057"]
[BlackElo "1878"]
[PlyCount "93"]
[EventDate "2002.04.01"]
[EventType "swiss"]
[EventRounds "9"]
[EventCountry "GER"]
[SourceTitle "EXT 2015"]
[Source "ChessBase"]
[SourceDate "2014.11.20"]
[SourceVersion "1"]
[SourceVersionDate "2014.11.20"]
[SourceQuality "1"]

1. d4 Nf6 2. Nf3 e6 3. e3 d5 4. Bd3 Be7 5. 0-0 Nbd7 6. b3 b6 7. Ne5 Bb7 8. f4 Nxe5 9. fxe5 Ne4 10. Ba3 0-0 11. Bxe7 Qxe7 12. Bxe4 dxe4 13. c3 Qg5 14. Rf4 f5 15. exf6 Rxf6 16. Qd2 Raf8 17. Rxf6 gxf6 18. c4 f5 19. Nc3 f4 20. Re1 f3 21. Kh1 Rf7 22. Rg1 Rg7 23. Qf2 Qa5 24. Qc2 Qf5 25. Qf2 Qa5 26. Nd1 Rg6 27. h3 Qh5 28. Kh2 c5 29. gxf3 exf3 30. Rxg6+ hxg6 31. Qg3 Be4 32. Nf2 Qf5 33. Qb8+ Kg7 34. Qxa7+ Kg8 35. Qb8+ Kf7 36. Nxe4 Qxe4 37. Qf4+ Qxf4+ 38. exf4 cxd4 39. Kg3 Kf6 40. Kxf3 Kf5 41. b4 d3 42. c5 bxc5 43. bxc5 d2 44. Ke2 Kxf4 45. c6 d1Q+ 46. Kxd1 Ke5 47. c7 1-0

[Event "Unterfranken-ch M1 53th"]
[Site "Wuerzburg"]
[Date "2002.??.??"]
[Round "2"]
[White "Sternheimer, Erhard"]
[Black "Soeder, Thomas"]
[Result "1/2-1/2"]
[WhiteElo "2092"]
[BlackElo "2057"]
[PlyCount "74"]
[EventDate "2002.04.01"]
[EventType "swiss"]
[EventRounds "9"]
[EventCountry "GER"]
[SourceTitle "EXT 2015"]
[Source "ChessBase"]
[SourceDate "2014.11.20"]
[SourceVersion "1"]
[SourceVersionDate "2014.11.20"]
[SourceQuality "1"]

1. d4 Nf6 2. Nf3 d5 3. e3 Bg4 4. c4 e6 5. Qb3 Qc8 6. Ne5 Bf5 7. Nc3 c6 8. Bd2 Nbd7 9. Nxd7 Qxd7 10. cxd5 exd5 11. Na4 Ne4 12. Bb4 Bxb4+ 13. Qxb4 Qe7 14. Qxe7+ Kxe7 15. Rc1 Rhc8 16. Bd3 Nd6 17. Bxf5 Nxf5 18. Ke2 Nd6 19. b3 Ne4 20. f3 Nd6 21. Rc2 Re8 22. Kd3 Kd7 23. Nc5+ Kc7 24. Rhc1 f5 25. g4 fxg4 26. fxg4 Ne4 27. Rf1 Nxc5+ 28. dxc5 Re7 29. Rcf2 Rae8 30. Rf7 Kc8 31. R1f3 Kd8 32. h4 Kd7 33. h5 Ke6 34. R7f4 Kd7 35. Rf7 Ke6 36. R7f5 Kd7 37. Rf7 Ke6 1/2-1/2